000 00593nam a2200217 i 4500
001 67188
003 ES-MaACL
005 20230906170007.0
007 t|
008 040511s2000 xxu ||||1| eng d
080 _a821.134.2(729.1)-14"19"
100 1 _aLima, Robert.
_972308
245 1 0 _aSardinia
_b: = Sardegna /
_cRobert Lima.
260 _aLafayette (IN) :
_bBordighera,
_c[2000]
300 _a57 p. ;
_c22 cm.
490 1 _aVia folios ;
_v24
740 0 _aSardegna.
830 0 _aVia folios ;
_v24
_9230876
852 _aES-MaACL
_j2175-F-2
_bR.131804
999 _c67188
_d67188